| Registos Bibliográficos associados ao registo de autoridade |
|
Etiqueta de registo: 00254nam 2200025 450 001 2277569 003 http://id.bnportugal.gov.pt/bib/catbnp/2277569 100 ## $a20260306d2025 k y0pory01030103ba 101 0# $aeng$dpor 102 ## $aPT 105 ## $aa m 000yy 106 ## $ar 200 1# $aPrecision benchmarking of atomic data of highly charged ions$fFilipe Ventura Grilo$gadviser Pedro Manuel Duarte Gonçalves Amaro, José Ramon Crespo López-Urrutia 210 #9 $aLisboa$c[s.n.],$d2025 215 ## $aXXII, 188 p.$cil.$d30 cm 328 #1 $aTese dout. Atomic and Molecular Physics, NOVA School of Science and Technology, Universidade
NOVA de Lisboa, 2025 675 ## $a539.1(043)$vBN$zpor$3300061 675 ## $a533.9(043)$vBN$zpor$31229357 700 #1 $aGrilo,$bFilipe Ventura$31989763 702 #1 $aAmaro,$bPedro Manuel Duarte Gonçalves$4727$31413432 702 #1 $aCrespo López-Urrutia,$bJosé Ramon$4727$31990877 801 #0 $aPT$bBN$gRPC 966 ## $lBN$mFGMON$sS.A. 193467 V.$x1 971 ## $cssilva$d20260306 972 ## $e0$z0$d20260413$vasantos 973 ## $cmlsousa$d20260408 975 ## $e0$d20260415$viquintas
|
|
|